000 004170000a22001690004500
003 MACL
005 20151230122258.0
008 151230b xxu||||| |||| 00| 0 eng d
040 _aMACL
_cMACL
041 _aEnglish
082 _a209/PAU
100 _aPaul, C Kegan
_924714
245 _aThe Thoughts of Blaise Pascal
260 _bG Bell & Sons Ltd
_c1911
650 _aReligion
_924715
942 _cBK
_k209/PAU
_2ddc
999 _c37965
_d37965